[Event "29th Czech Open-Rapid 2018"]
[Site "Pardubice"]
[Date "2018.07.19"]
[Round "4"]
[White "Tarun, V Kanth"]
[Black "Zaitsev, Alexander"]
[Result "1-0"]
[WhiteElo "1771"]
[BlackElo "2335"]
[Annotator "NA"]
[PlyCount "121"]
[EventDate "2018.07.18"]
[EventType "swiss"]
[EventCountry "CZE"]
[SourceTitle "playchess.com"]
[Source "ChessBase"]
[SourceQuality "1"]
[TimeControl "900+10"]

1. d4 {[%emt 0:00:00]} e6 {[%emt 0:00:00]} 2. c4 {[%emt 0:00:00]} Nf6 {[%emt 0:00:00]} 3. Nc3 {[%emt 0:00:00]} Bb4 {[%emt 0:00:00]} 4. f3 {[%emt 0:00:00]} Nc6 {[%emt 0:00:00]} 5. a3 {[%emt 0:00:12]} Bxc3+ {[%emt 0:00:00]} 6. bxc3 {[%emt 0:00:01]} b6 {[%emt 0:00:03]} 7. e4 {[%emt 0:00:02]} Ba6 {[%emt 0:00:14]} 8. Bd3 {[%emt 0:00:16]} Na5 {[%emt 0:00:03]} 9. Qe2 {[%emt 0:00:08]} d6 {[%emt 0:01:03]} 10. Nh3 {[%emt 0:00:30]} Qd7 {[%emt 0:00:49]} 11. a4 {[%emt 0:00:25]} Nb3 {[%emt 0:04:43]} 12. Rb1 {[%emt 0:00:16]} Nxc1 {[%emt 0:00:01]} 13. Rxc1 {[%emt 0:00:01]} e5 {[%emt 0:02:12]} 14. O-O {[%emt 0:00:20]} O-O {[%emt 0:00:18]} 15. f4 {[%emt 0:02:04]} Qe7 {[%emt 0:00:01]} 16. g4 {[%emt 0:01:56]} Nd7 {[%emt 0:00:51]} 17. g5 {[%emt 0:01:05]} f6 {[%emt 0:01:55]} 18. Qg4 {[%emt 0:02:17]} Rae8 {[%emt 0:01:50]} 19. f5 {[%emt 0:01:13]} fxg5 {[%emt 0:01:11]} 20. Nxg5 {[%emt 0:00:10]} Nf6 {[%emt 0:00:02]} 21. Qh3 {[%emt 0:00:18]} Bc8 {[%emt 0:00:13]} 22. d5 {[%emt 0:00:35]} h6 {[%emt 0:00:35]} 23. Nf3 {[%emt 0:00:15]} Qf7 {[%emt 0:00:33]} 24. Nh4 {[%emt 0:01:11]} Nh5 {[%emt 0:00:01]} 25. Qg4 {[%emt 0:00:55]} Nf4 {[%emt 0:00:26]} 26. Rxf4 {[%emt 0:00:20]} exf4 {[%emt 0:00:01]} 27. Ng6 {[%emt 0:00:01]} Qf6 {[%emt 0:00:18]} 28. Nxf8 {[%emt 0:00:12]} Rxf8 {[%emt 0:00:08]} 29. Qxf4 {[%emt 0:00:01]} Bd7 {[%emt 0:00:08]} 30. Kh1 {[%emt 0:00:54]} Bxa4 31. Rg1 {[%emt 0:00:01]} Be8 {[%emt 0:00:16]} 32. Bb1 {[%emt 0:02:09]} Kh8 {[%emt 0:00:48]} 33. Qg3 {[%emt 0:00:00]} a5 {[%emt 0:00:10]} 34. Re1 {[%emt 0:00:11]} Qe5 {[%emt 0:00:31]} 35. Qxe5 {[%emt 0:00:10]} dxe5 {[%emt 0:00:01]} 36. Bc2 {[%emt 0:00:21]} Rf6 {[%emt 0:00:04]} 37. Ra1 {[%emt 0:00:15]} Kg8 {[%emt 0:00:14]} 38. Ba4 {[%emt 0:00:10]} Bxa4 {[%emt 0:00:09]} 39. Rxa4 {[%emt 0:00:01]} Kf8 {[%emt 0:00:04]} 40. c5 {[%emt 0:00:01]} Ke7 {[%emt 0:00:30]} 41. Kg2 {[%emt 0:00:19]} g6 {[%emt 0:00:10]} 42. fxg6 {[%emt 0:00:01]} Rxg6+ {[%emt 0:00:01]} 43. Kf3 {[%emt 0:00:39]} Kd7 {[%emt 0:00:03]} 44. c4 {[%emt 0:00:25]} h5 {[%emt 0:01:15]} 45. cxb6 {[%emt 0:00:01]} cxb6 {[%emt 0:00:00]} 46. c5 {[%emt 0:00:00]} Kc7 {[%emt 0:00:20]} 47. c6 {[%emt 0:01:28]} Rg8 {[%emt 0:00:10]} 48. Ra1 {[%emt 0:00:05]} Ra8 {[%emt 0:00:12]} 49. Rg1 {[%emt 0:00:38]} a4 {[%emt 0:00:01]} 50. Rg7+ {[%emt 0:00:01]} Kd6 {[%emt 0:00:02]} 51. Rd7+ {[%emt 0:00:08]} Kc5 {[%emt 0:00:01]} 52. c7 {[%emt 0:00:00]} Rc8 {[%emt 0:00:28]} 53. d6 {[%emt 0:00:23]} Kc6 {[%emt 0:00:18]} 54. Rd8 {[%emt 0:00:07]} Kb7 {[%emt 0:00:01]} 55. d7 {[%emt 0:00:10]} Rxc7 {[%emt 0:00:01]} 56. Rb8+ Kxb8 57. d8=Q+ {[%emt 0:00:02]} Kb7 {[%emt 0:00:07]} 58. Qd5+ {[%emt 0:00:03]} Ka7 {[%emt 0:00:35]} 59. Qxe5 {[%emt 0:00:15]} Rf7+ {[%emt 0:00:12]} 60. Ke3 {[%emt 0:00:02]} Rb7 {[%emt 0:00:25]} 61. Qb5 {[%emt 0:00:04]} 1-0

[Event "29th Czech Open-Rapid 2018"]
[Site "Pardubice"]
[Date "2018.07.19"]
[Round "4"]
[White "Alekseev, Mikhail"]
[Black "Mlcak, Viktor"]
[Result "0-1"]
[WhiteElo "1752"]
[BlackElo "1881"]
[Annotator "NA"]
[PlyCount "87"]
[EventDate "2018.07.18"]
[EventType "swiss"]
[EventCountry "CZE"]
[SourceTitle "playchess.com"]
[Source "ChessBase"]
[SourceQuality "1"]
[TimeControl "900+10"]

1. e4 {[%emt 0:00:00]} Nf6 {[%emt 0:00:00]} 2. Nc3 {[%emt 0:00:00]} d5 {[%emt 0:00:00]} 3. exd5 {[%emt 0:00:04]} Nxd5 {[%emt 0:00:00]} 4. Bc4 {[%emt 0:00:03]} Nb6 {[%emt 0:00:00]} 5. Be2 {[%emt 0:00:28]} e5 {[%emt 0:00:11]} 6. Bg4 {[%emt 0:00:56]} Nc6 {[%emt 0:00:56]} 7. Bxc8 {[%emt 0:00:26]} Rxc8 {[%emt 0:00:19]} 8. Nge2 {[%emt 0:00:09]} Be7 {[%emt 0:00:37]} 9. d3 {[%emt 0:00:21]} O-O {[%emt 0:00:03]} 10. O-O {[%emt 0:00:09]} f5 {[%emt 0:00:20]} 11. f4 {[%emt 0:00:48]} Bc5+ {[%emt 0:00:37]} 12. Kh1 {[%emt 0:00:02]} Be7 {[%emt 0:02:44]} 13. Qe1 {[%emt 0:00:53]} Bh4 {[%emt 0:01:04]} 14. Qd1 {[%emt 0:00:37]} a6 {[%emt 0:00:15]} 15. Ng1 {[%emt 0:01:30]} Qd7 {[%emt 0:02:14]} 16. Nf3 {[%emt 0:00:42]} Bf6 {[%emt 0:00:06]} 17. fxe5 {[%emt 0:00:32]} Nxe5 {[%emt 0:00:21]} 18. Nxe5 {[%emt 0:00:13]} Bxe5 {[%emt 0:00:02]} 19. Bf4 {[%emt 0:00:01]} Rce8 {[%emt 0:01:53]} 20. Qf3 {[%emt 0:00:09]} c6 {[%emt 0:00:53]} 21. Rae1 {[%emt 0:00:35]} Qd6 {[%emt 0:02:00]} 22. Bxe5 {[%emt 0:04:22]} Rxe5 {[%emt 0:00:01]} 23. Rxe5 {[%emt 0:00:33]} Qxe5 {[%emt 0:00:01]} 24. Qf2 {[%emt 0:00:04]} Nd7 {[%emt 0:01:48]} 25. Re1 {[%emt 0:00:07]} Qd6 {[%emt 0:01:04]} 26. Qe3 {[%emt 0:00:19]} Kh8 {[%emt 0:00:50]} 27. Ne2 {[%emt 0:00:15]} Nf6 {[%emt 0:00:14]} 28. Ng3 {[%emt 0:00:44]} Ng4 {[%emt 0:00:17]} 29. Qe7 {[%emt 0:00:16]} Qb8 {[%emt 0:00:28]} 30. h3 {[%emt 0:00:56]} Nh6 {[%emt 0:00:27]} 31. Nh5 {[%emt 0:00:29]} Rf7 {[%emt 0:00:10]} 32. Qe6 {[%emt 0:00:31]} Qf8 {[%emt 0:00:10]} 33. Nf4 {[%emt 0:00:39]} Ng8 {[%emt 0:00:11]} 34. Qb3 {[%emt 0:00:15]} Nf6 {[%emt 0:00:05]} 35. Qe6 {[%emt 0:00:25]} Nd7 {[%emt 0:00:17]} 36. d4 {[%emt 0:00:13]} g6 {[%emt 0:00:08]} 37. c3 {[%emt 0:00:03]} Nf6 {[%emt 0:00:12]} 38. Qe5 {[%emt 0:00:10]} Kg8 {[%emt 0:00:08]} 39. d5 {[%emt 0:00:27]} cxd5 {[%emt 0:00:02]} 40. Nxd5 {[%emt 0:00:03]} Nxd5 {[%emt 0:00:10]} 41. Qxd5 {[%emt 0:00:02]} Kg7 {[%emt 0:00:14]} 42. Re6 {[%emt 0:00:09]} f4 {[%emt 0:00:11]} 43. Qe5+ {[%emt 0:00:03]} Kg8 {[%emt 0:00:03]} 44. Re8 {[%emt 0:00:03]} 0-1

[Event "29th Czech Open-Rapid 2018"]
[Site "Pardubice"]
[Date "2018.07.19"]
[Round "4"]
[White "Salykin, Aleksandr"]
[Black "Bystrov, Sergej Mikhailovich"]
[Result "1-0"]
[WhiteElo "1745"]
[BlackElo "2121"]
[Annotator "NA"]
[PlyCount "83"]
[EventDate "2018.07.18"]
[EventType "swiss"]
[EventCountry "CZE"]
[SourceTitle "playchess.com"]
[Source "ChessBase"]
[SourceQuality "1"]
[TimeControl "900+10"]

1. d4 {[%emt 0:00:59]} d6 {[%emt 0:00:00]} 2. Bf4 {[%emt 0:00:02]} Nf6 {[%emt 0:00:00]} 3. Nf3 {[%emt 0:00:01]} c6 {[%emt 0:00:19]} 4. e3 {[%emt 0:00:14]} g6 {[%emt 0:00:01]} 5. c3 {[%emt 0:00:07]} Bg7 {[%emt 0:00:02]} 6. h3 {[%emt 0:00:03]} O-O {[%emt 0:00:02]} 7. Be2 {[%emt 0:00:03]} Nbd7 {[%emt 0:00:08]} 8. O-O {[%emt 0:00:05]} Qe8 {[%emt 0:00:20]} 9. Bh2 {[%emt 0:00:10]} e5 {[%emt 0:00:12]} 10. Re1 {[%emt 0:00:11]} Qe7 {[%emt 0:00:06]} 11. a4 {[%emt 0:00:24]} Rd8 {[%emt 0:03:12]} 12. Na3 {[%emt 0:00:37]} e4 {[%emt 0:00:05]} 13. Nd2 {[%emt 0:00:03]} d5 {[%emt 0:00:03]} 14. c4 {[%emt 0:00:34]} Nb8 {[%emt 0:04:46]} 15. cxd5 {[%emt 0:03:27]} Nxd5 {[%emt 0:01:10]} 16. Bc4 {[%emt 0:00:58]} f5 {[%emt 0:00:11]} 17. Qb3 {[%emt 0:01:22]} Be6 {[%emt 0:00:12]} 18. a5 {[%emt 0:01:47]} Bf7 {[%emt 0:01:15]} 19. Rac1 {[%emt 0:01:56]} Bf8 {[%emt 0:00:36]} 20. Nc2 {[%emt 0:01:15]} b5 {[%emt 0:01:33]} 21. axb6 {[%emt 0:00:21]} Nxb6 {[%emt 0:00:02]} 22. Bxf7+ {[%emt 0:00:57]} Qxf7 {[%emt 0:00:01]} 23. Qxf7+ {[%emt 0:01:32]} Kxf7 {[%emt 0:00:01]} 24. Ra1 {[%emt 0:00:02]} c5 {[%emt 0:00:12]} 25. Bc7 {[%emt 0:00:17]} Nc6 {[%emt 0:00:13]} 26. Bxd8 {[%emt 0:00:10]} Rxd8 {[%emt 0:00:02]} 27. Nb3 {[%emt 0:00:14]} c4 {[%emt 0:00:29]} 28. Na5 {[%emt 0:00:16]} Nxa5 {[%emt 0:01:26]} 29. Rxa5 {[%emt 0:00:03]} Rd7 {[%emt 0:00:01]} 30. Rea1 {[%emt 0:00:15]} Nc8 {[%emt 0:00:03]} 31. Na3 {[%emt 0:00:43]} Bb4 {[%emt 0:00:25]} 32. Rb5 {[%emt 0:00:20]} Be7 {[%emt 0:02:30]} 33. Nxc4 {[%emt 0:00:07]} Rc7 {[%emt 0:00:01]} 34. Ne5+ {[%emt 0:00:08]} Ke6 {[%emt 0:00:06]} 35. Ra6+ {[%emt 0:00:13]} Bd6 {[%emt 0:00:07]} 36. Rc6 {[%emt 0:00:34]} Nb6 {[%emt 0:00:07]} 37. Rxc7 {[%emt 0:00:14]} Bxc7 {[%emt 0:00:01]} 38. Nc6 {[%emt 0:00:06]} a6 {[%emt 0:00:16]} 39. Rc5 Na4 {[%emt 0:00:15]} 40. Rc2 {[%emt 0:00:31]} Kd6 {[%emt 0:00:02]} 41. Ne5 {[%emt 0:00:07]} Bd8 {[%emt 0:00:46]} 42. b3 {[%emt 0:00:13]} 1-0

[Event "29th Czech Open-Rapid 2018"]
[Site "Pardubice"]
[Date "2018.07.19"]
[Round "4"]
[White "Ret, Adam Josef"]
[Black "Yakimenko, Alexander A"]
[Result "0-1"]
[WhiteElo "1693"]
[BlackElo "2037"]
[Annotator "NA"]
[PlyCount "52"]
[EventDate "2018.07.18"]
[EventType "swiss"]
[EventCountry "CZE"]
[SourceTitle "playchess.com"]
[Source "ChessBase"]
[SourceQuality "1"]
[TimeControl "900+10"]

1. d4 {[%emt 0:00:00]} e6 {[%emt 0:00:00]} 2. c4 {[%emt 0:00:00]} Nf6 {[%emt 0:00:00]} 3. Nc3 {[%emt 0:00:00]} c5 {[%emt 0:00:00]} 4. e3 {[%emt 0:00:13]} d5 {[%emt 0:00:02]} 5. Nf3 {[%emt 0:00:14]} Nc6 {[%emt 0:00:02]} 6. cxd5 {[%emt 0:01:00]} Nxd5 {[%emt 0:00:24]} 7. Nxd5 {[%emt 0:02:57]} Qxd5 {[%emt 0:00:11]} 8. dxc5 {[%emt 0:00:41]} Qxd1+ {[%emt 0:00:12]} 9. Kxd1 {[%emt 0:00:02]} Bxc5 {[%emt 0:00:04]} 10. Bb5 {[%emt 0:01:49]} Bd7 {[%emt 0:00:10]} 11. Ke2 {[%emt 0:03:02]} a6 {[%emt 0:00:43]} 12. Bd3 {[%emt 0:02:03]} Nb4 {[%emt 0:02:06]} 13. Ne5 {[%emt 0:02:17]} Ba4 {[%emt 0:02:39]} 14. b3 {[%emt 0:00:57]} Bb5 {[%emt 0:02:14]} 15. a3 {[%emt 0:01:45]} Nxd3 {[%emt 0:00:26]} 16. Nxd3 {[%emt 0:00:03]} O-O-O {[%emt 0:00:26]} 17. Rd1 {[%emt 0:00:03]} Rxd3 {[%emt 0:00:04]} 18. Rxd3 {[%emt 0:00:13]} Rd8 {[%emt 0:00:02]} 19. b4 {[%emt 0:00:35]} Bxd3+ {[%emt 0:00:03]} 20. Kf3 {[%emt 0:00:04]} Be7 {[%emt 0:00:08]} 21. Bb2 {[%emt 0:00:04]} Bf6 {[%emt 0:00:04]} 22. Rc1+ {[%emt 0:00:08]} Kb8 {[%emt 0:00:09]} 23. Bxf6 {[%emt 0:00:09]} gxf6 {[%emt 0:00:01]} 24. Rc5 {[%emt 0:00:27]} f5 {[%emt 0:00:09]} 25. h3 {[%emt 0:00:12]} Rc8 {[%emt 0:00:24]} 26. Rxc8+ Kxc8 0-1

[Event "29th Czech Open-Rapid 2018"]
[Site "Pardubice"]
[Date "2018.07.19"]
[Round "4"]
[White "Bueble, Joschua"]
[Black "Slovak, Kilian"]
[Result "0-1"]
[WhiteElo "1682"]
[BlackElo "2113"]
[Annotator "NA"]
[PlyCount "48"]
[EventDate "2018.07.18"]
[EventType "swiss"]
[EventCountry "CZE"]
[SourceTitle "playchess.com"]
[Source "ChessBase"]
[SourceQuality "1"]
[TimeControl "900+10"]

1. d4 {[%emt 0:07:42]} Nf6 {[%emt 0:00:04]} 2. c4 {[%emt 0:00:02]} g6 {[%emt 0:00:08]} 3. Nc3 {[%emt 0:00:01]} Bg7 {[%emt 0:00:02]} 4. e4 {[%emt 0:00:01]} d6 {[%emt 0:00:01]} 5. f3 {[%emt 0:00:00]} O-O {[%emt 0:00:02]} 6. Be3 {[%emt 0:00:01]} Nc6 {[%emt 0:00:02]} 7. Nge2 {[%emt 0:00:01]} a6 {[%emt 0:00:04]} 8. Qd2 {[%emt 0:00:21]} Bd7 {[%emt 0:00:03]} 9. Rc1 {[%emt 0:00:20]} b5 {[%emt 0:00:02]} 10. cxb5 {[%emt 0:01:11]} axb5 {[%emt 0:00:01]} 11. Nxb5 {[%emt 0:00:26]} Rxa2 {[%emt 0:00:07]} 12. Nec3 {[%emt 0:00:46]} Ra8 {[%emt 0:00:16]} 13. Nd5 {[%emt 0:00:20]} Nxd5 {[%emt 0:01:47]} 14. exd5 {[%emt 0:00:01]} Na5 {[%emt 0:00:01]} 15. Qc3 {[%emt 0:01:28]} c6 {[%emt 0:00:16]} 16. dxc6 {[%emt 0:00:27]} Nxc6 {[%emt 0:00:10]} 17. Bd3 {[%emt 0:00:11]} Qb8 {[%emt 0:01:43]} 18. Be4 {[%emt 0:00:29]} Rc8 {[%emt 0:02:08]} 19. Qb3 {[%emt 0:01:23]} Ra5 {[%emt 0:01:36]} 20. Bd3 {[%emt 0:00:22]} Na7 {[%emt 0:02:13]} 21. Rxc8+ {[%emt 0:00:36]} Bxc8 {[%emt 0:01:27]} 22. Qb4 {[%emt 0:01:51]} Ra1+ {[%emt 0:00:03]} 23. Kf2 {[%emt 0:00:24]} Rxh1 {[%emt 0:00:03]} 24. Qa5 {[%emt 0:00:24]} Be6 0-1

[Event "29th Czech Open-Rapid 2018"]
[Site "Pardubice"]
[Date "2018.07.19"]
[Round "4"]
[White "Zdechovsky, Tobias"]
[Black "Barak, Gil"]
[Result "0-1"]
[WhiteElo "1675"]
[BlackElo "1946"]
[Annotator "NA"]
[PlyCount "78"]
[EventDate "2018.07.18"]
[EventType "swiss"]
[EventCountry "CZE"]
[SourceTitle "playchess.com"]
[Source "ChessBase"]
[SourceQuality "1"]
[TimeControl "900+10"]

1. e4 {[%emt 0:03:51]} e5 {[%emt 0:00:00]} 2. Nf3 {[%emt 0:00:01]} Nc6 {[%emt 0:00:00]} 3. Bb5 {[%emt 0:00:03]} a6 {[%emt 0:00:00]} 4. Ba4 {[%emt 0:00:01]} Nf6 {[%emt 0:00:00]} 5. O-O {[%emt 0:00:02]} Nxe4 {[%emt 0:00:00]} 6. Re1 {[%emt 0:00:03]} Nc5 {[%emt 0:00:00]} 7. Bxc6 {[%emt 0:00:05]} dxc6 {[%emt 0:00:00]} 8. Nxe5 {[%emt 0:00:13]} Ne6 {[%emt 0:00:26]} 9. b3 {[%emt 0:02:50]} Be7 {[%emt 0:00:05]} 10. Bb2 {[%emt 0:00:01]} O-O {[%emt 0:00:09]} 11. d4 {[%emt 0:00:05]} Bf6 {[%emt 0:00:16]} 12. Na3 {[%emt 0:00:54]} Re8 {[%emt 0:01:30]} 13. c4 {[%emt 0:03:35]} c5 {[%emt 0:02:53]} 14. d5 {[%emt 0:02:12]} Nf8 {[%emt 0:01:43]} 15. f4 {[%emt 0:00:49]} Ng6 {[%emt 0:01:35]} 16. Qf3 {[%emt 0:00:05]} Bd7 {[%emt 0:02:01]} 17. Re2 {[%emt 0:01:15]} b5 {[%emt 0:04:49]} 18. Rae1 {[%emt 0:01:03]} b4 {[%emt 0:00:02]} 19. Nb1 {[%emt 0:00:12]} Be7 {[%emt 0:01:29]} 20. Qf2 {[%emt 0:00:28]} Bd6 {[%emt 0:00:21]} 21. g3 {[%emt 0:00:18]} a5 {[%emt 0:00:09]} 22. f5 {[%emt 0:00:18]} Nxe5 {[%emt 0:00:16]} 23. Bxe5 {[%emt 0:00:01]} f6 {[%emt 0:00:33]} 24. Bxd6 {[%emt 0:00:14]} cxd6 {[%emt 0:00:01]} 25. Qf4 {[%emt 0:00:09]} Re5 {[%emt 0:00:13]} 26. Rxe5 {[%emt 0:00:04]} fxe5 {[%emt 0:00:03]} 27. Qf3 {[%emt 0:00:10]} Qf6 {[%emt 0:00:01]} 28. g4 {[%emt 0:00:13]} g6 {[%emt 0:00:19]} 29. Rf1 {[%emt 0:00:10]} gxf5 {[%emt 0:00:03]} 30. gxf5 {[%emt 0:00:03]} Rf8 {[%emt 0:00:18]} 31. Qg4+ {[%emt 0:00:01]} Kh8 {[%emt 0:00:03]} 32. Qh5 {[%emt 0:00:23]} Bxf5 {[%emt 0:00:18]} 33. Nd2 {[%emt 0:00:05]} Rg8+ {[%emt 0:00:04]} 34. Kh1 Be4+ 35. Nf3 {[%emt 0:00:16]} Rf8 {[%emt 0:00:15]} 36. Kg2 Qf4 {[%emt 0:00:10]} 37. Rf2 {[%emt 0:00:39]} Rg8+ {[%emt 0:00:10]} 38. Kf1 {[%emt 0:00:12]} Bd3+ {[%emt 0:00:03]} 39. Ke1 {[%emt 0:00:09]} Qc1# {[%emt 0:00:02]} 0-1

[Event "29th Czech Open-Rapid 2018"]
[Site "Pardubice"]
[Date "2018.07.19"]
[Round "4"]
[White "Gukesh, Dommaraju"]
[Black "Kulkarni, Chinmay"]
[Result "0-1"]
[WhiteElo "1519"]
[BlackElo "2290"]
[Annotator "NA"]
[PlyCount "134"]
[EventDate "2018.07.18"]
[EventType "swiss"]
[EventCountry "CZE"]
[SourceTitle "playchess.com"]
[Source "ChessBase"]
[SourceQuality "1"]
[TimeControl "900+10"]

1. e4 {[%emt 0:00:00]} c5 {[%emt 0:00:00]} 2. Nf3 {[%emt 0:00:00]} Nc6 {[%emt 0:00:13]} 3. d4 {[%emt 0:00:00]} cxd4 {[%emt 0:00:03]} 4. Nxd4 {[%emt 0:00:00]} Qb6 {[%emt 0:00:02]} 5. Nb3 {[%emt 0:00:33]} Nf6 {[%emt 0:00:03]} 6. Nc3 {[%emt 0:00:04]} e6 {[%emt 0:00:02]} 7. Be3 {[%emt 0:00:18]} Qc7 {[%emt 0:00:03]} 8. Be2 {[%emt 0:01:15]} a6 {[%emt 0:00:03]} 9. a4 {[%emt 0:00:12]} b6 {[%emt 0:00:01]} 10. O-O {[%emt 0:00:08]} Bb7 {[%emt 0:00:02]} 11. f4 {[%emt 0:01:15]} d6 {[%emt 0:00:02]} 12. Bf3 {[%emt 0:00:05]} Be7 {[%emt 0:00:10]} 13. Qe2 {[%emt 0:00:11]} O-O {[%emt 0:00:12]} 14. a5 {[%emt 0:00:52]} Nxa5 {[%emt 0:01:01]} 15. Nxa5 {[%emt 0:00:03]} bxa5 {[%emt 0:00:02]} 16. Qf2 {[%emt 0:00:15]} Nd7 {[%emt 0:02:17]} 17. Rfd1 {[%emt 0:00:57]} Rac8 {[%emt 0:00:13]} 18. Rd2 {[%emt 0:00:39]} Nc5 {[%emt 0:00:27]} 19. Bd4 {[%emt 0:00:34]} e5 {[%emt 0:00:51]} 20. Be3 {[%emt 0:00:42]} exf4 {[%emt 0:02:13]} 21. Bxf4 {[%emt 0:00:01]} Qb6 {[%emt 0:00:14]} 22. Rb1 {[%emt 0:01:07]} Rfd8 {[%emt 0:00:24]} 23. Be3 {[%emt 0:00:52]} Qc7 {[%emt 0:00:13]} 24. Bd4 {[%emt 0:00:24]} Bf8 {[%emt 0:01:33]} 25. Rf1 {[%emt 0:01:04]} Re8 {[%emt 0:01:37]} 26. Bg4 {[%emt 0:01:14]} Rb8 {[%emt 0:00:18]} 27. Bh5 {[%emt 0:01:07]} Re7 {[%emt 0:00:01]} 28. e5 {[%emt 0:00:01]} Rd7 {[%emt 0:02:50]} 29. Bxc5 {[%emt 0:01:27]} dxc5 {[%emt 0:00:01]} 30. Rxd7 {[%emt 0:00:03]} Qxd7 {[%emt 0:00:02]} 31. Qxf7+ {[%emt 0:00:43]} Qxf7 {[%emt 0:00:03]} 32. Bxf7+ {[%emt 0:00:01]} Kh8 {[%emt 0:00:01]} 33. Bd5 {[%emt 0:00:01]} Bxd5 {[%emt 0:01:53]} 34. Nxd5 {[%emt 0:00:01]} c4 {[%emt 0:00:02]} 35. e6 {[%emt 0:01:10]} Bc5+ {[%emt 0:00:01]} 36. Kh1 {[%emt 0:00:02]} Kg8 {[%emt 0:00:10]} 37. Re1 {[%emt 0:01:33]} Rxb2 {[%emt 0:01:45]} 38. e7 {[%emt 0:00:06]} Bxe7 {[%emt 0:00:01]} 39. Nxe7+ {[%emt 0:00:02]} Kf7 {[%emt 0:00:02]} 40. Nc6 {[%emt 0:00:11]} a4 {[%emt 0:00:07]} 41. Ne5+ {[%emt 0:00:28]} Kf6 {[%emt 0:00:02]} 42. Nxc4 {[%emt 0:00:12]} Rxc2 {[%emt 0:00:03]} 43. Ne3 {[%emt 0:00:01]} Ra2 {[%emt 0:00:28]} 44. Nd5+ {[%emt 0:00:30]} Kf7 {[%emt 0:00:09]} 45. Nc3 {[%emt 0:00:37]} Ra3 {[%emt 0:00:05]} 46. Rc1 {[%emt 0:00:07]} Ke6 {[%emt 0:00:18]} 47. Kg1 {[%emt 0:00:13]} Ke5 {[%emt 0:00:01]} 48. Kf2 {[%emt 0:00:04]} Kd4 {[%emt 0:00:28]} 49. Ne2+ {[%emt 0:00:08]} Kd3 {[%emt 0:00:14]} 50. Rd1+ {[%emt 0:00:01]} Kc4 {[%emt 0:00:13]} 51. Rd4+ {[%emt 0:00:13]} Kc5 {[%emt 0:00:40]} 52. Rd7 {[%emt 0:00:41]} Ra2 {[%emt 0:00:04]} 53. Ra7 {[%emt 0:00:35]} Kb6 {[%emt 0:00:06]} 54. Rxg7 {[%emt 0:00:02]} a3 {[%emt 0:00:09]} 55. Rxh7 {[%emt 0:00:26]} Rxe2+ {[%emt 0:00:20]} 56. Kxe2 {[%emt 0:00:09]} a2 {[%emt 0:00:02]} 57. Rh6+ {[%emt 0:00:02]} Ka5 {[%emt 0:00:31]} 58. Rh5+ {[%emt 0:00:02]} Kb4 {[%emt 0:00:14]} 59. Rh4+ {[%emt 0:00:01]} Kb3 {[%emt 0:00:14]} 60. Rh3+ {[%emt 0:00:06]} Kb2 {[%emt 0:00:04]} 61. Rd3 {[%emt 0:00:28]} a1=Q {[%emt 0:00:11]} 62. h4 {[%emt 0:00:02]} Qh1 {[%emt 0:00:06]} 63. g3 {[%emt 0:00:04]} Qg2+ {[%emt 0:00:08]} 64. Ke1 {[%emt 0:00:01]} Qe4+ {[%emt 0:00:06]} 65. Kd2 {[%emt 0:00:03]} a5 {[%emt 0:00:11]} 66. h5 {[%emt 0:00:05]} Qg2+ {[%emt 0:00:04]} 67. Ke1 {[%emt 0:00:01]} Qh1+ {[%emt 0:00:01]} 0-1

[Event "29th Czech Open-Rapid 2018"]
[Site "Pardubice"]
[Date "2018.07.19"]
[Round "4"]
[White "Vestfal, Jan"]
[Black "Pacl, Vaclav"]
[Result "1-0"]
[WhiteElo "1407"]
[BlackElo "2077"]
[Annotator "NA"]
[PlyCount "129"]
[EventDate "2018.07.18"]
[EventType "swiss"]
[EventCountry "CZE"]
[SourceTitle "playchess.com"]
[Source "ChessBase"]
[SourceQuality "1"]
[TimeControl "900+10"]

1. e4 {[%emt 0:04:14]} d6 {[%emt 0:00:00]} 2. d4 {[%emt 0:00:10]} Nf6 {[%emt 0:00:00]} 3. Nc3 {[%emt 0:00:02]} c6 {[%emt 0:00:00]} 4. Bg5 {[%emt 0:00:06]} Nbd7 {[%emt 0:00:01]} 5. Nf3 {[%emt 0:00:22]} e5 {[%emt 0:01:44]} 6. d5 {[%emt 0:00:25]} Be7 {[%emt 0:00:48]} 7. Bc4 {[%emt 0:00:54]} O-O {[%emt 0:01:53]} 8. O-O {[%emt 0:01:13]} Nb6 {[%emt 0:03:02]} 9. Bb3 {[%emt 0:00:10]} Bg4 {[%emt 0:00:03]} 10. h3 {[%emt 0:00:13]} Bh5 {[%emt 0:00:01]} 11. Bxf6 {[%emt 0:00:52]} Bxf6 {[%emt 0:00:09]} 12. g4 {[%emt 0:00:40]} Bg6 {[%emt 0:00:02]} 13. Re1 {[%emt 0:00:15]} c5 {[%emt 0:00:16]} 14. Nd2 {[%emt 0:00:37]} Bg5 {[%emt 0:01:20]} 15. Nc4 {[%emt 0:00:24]} Nxc4 {[%emt 0:01:23]} 16. Bxc4 {[%emt 0:00:02]} Bf4 {[%emt 0:00:07]} 17. Ne2 {[%emt 0:00:25]} Qg5 {[%emt 0:00:11]} 18. Nxf4 {[%emt 0:00:57]} exf4 {[%emt 0:00:04]} 19. f3 {[%emt 0:00:12]} Rae8 {[%emt 0:00:17]} 20. Qd2 {[%emt 0:00:26]} h5 {[%emt 0:00:40]} 21. Bd3 {[%emt 0:00:38]} hxg4 {[%emt 0:00:41]} 22. hxg4 {[%emt 0:00:12]} f6 {[%emt 0:01:03]} 23. Qh2 {[%emt 0:00:21]} Kf7 {[%emt 0:00:04]} 24. Bb5 {[%emt 0:00:29]} Rd8 {[%emt 0:00:10]} 25. Kf2 {[%emt 0:01:17]} Rh8 {[%emt 0:00:02]} 26. Qg2 {[%emt 0:00:06]} Rh4 {[%emt 0:00:13]} 27. Rh1 {[%emt 0:00:10]} Rdh8 {[%emt 0:00:00]} 28. Rxh4 {[%emt 0:00:21]} Qxh4+ {[%emt 0:00:02]} 29. Ke2 {[%emt 0:00:09]} a6 {[%emt 0:00:21]} 30. Bd7 {[%emt 0:00:11]} Ke7 {[%emt 0:00:40]} 31. Be6 {[%emt 0:00:05]} Be8 {[%emt 0:00:03]} 32. Rg1 {[%emt 0:00:24]} Bb5+ {[%emt 0:00:38]} 33. Kd1 {[%emt 0:00:51]} Qh3 {[%emt 0:00:41]} 34. g5 {[%emt 0:00:28]} Qxg2 {[%emt 0:00:03]} 35. gxf6+ {[%emt 0:00:03]} Kxf6 {[%emt 0:00:04]} 36. Rxg2 {[%emt 0:00:10]} Rh1+ {[%emt 0:00:01]} 37. Kd2 {[%emt 0:00:04]} Rf1 {[%emt 0:00:05]} 38. Bg4 {[%emt 0:00:10]} Ke5 {[%emt 0:00:24]} 39. c3 {[%emt 0:00:19]} Ra1 {[%emt 0:00:27]} 40. a3 {[%emt 0:00:18]} Bc4 {[%emt 0:00:12]} 41. Bh5 {[%emt 0:00:39]} Rh1 {[%emt 0:00:30]} 42. Rg6 {[%emt 0:00:34]} Rh2+ {[%emt 0:00:09]} 43. Kc1 {[%emt 0:00:03]} Rh1+ {[%emt 0:00:05]} 44. Kd2 {[%emt 0:00:09]} Rh2+ {[%emt 0:00:12]} 45. Ke1 {[%emt 0:00:31]} Bxd5 {[%emt 0:00:02]} 46. Rg5+ {[%emt 0:00:03]} Kf6 {[%emt 0:00:08]} 47. Rxd5 {[%emt 0:00:03]} g5 {[%emt 0:00:16]} 48. Rf5+ {[%emt 0:00:20]} Ke6 {[%emt 0:00:08]} 49. Bg4 {[%emt 0:00:27]} Rxb2 {[%emt 0:00:10]} 50. Rxc5+ {[%emt 0:00:26]} Ke7 {[%emt 0:00:12]} 51. Rxg5 {[%emt 0:00:05]} Rb3 {[%emt 0:00:06]} 52. Kd2 {[%emt 0:00:11]} Rxa3 {[%emt 0:00:02]} 53. Rg7+ {[%emt 0:00:02]} Kf6 {[%emt 0:00:05]} 54. Rxb7 {[%emt 0:00:03]} a5 {[%emt 0:00:08]} 55. Bd7 {[%emt 0:00:20]} Ra2+ {[%emt 0:00:01]} 56. Kc1 {[%emt 0:00:09]} Rf2 {[%emt 0:00:02]} 57. Bg4 {[%emt 0:00:05]} Ra2 {[%emt 0:00:04]} 58. Ra7 {[%emt 0:00:12]} Ke5 {[%emt 0:00:17]} 59. Kb1 {[%emt 0:00:09]} Ra4 {[%emt 0:00:01]} 60. Bd7 {[%emt 0:00:16]} Rc4 {[%emt 0:00:10]} 61. Rxa5+ {[%emt 0:00:11]} Kf6 {[%emt 0:00:05]} 62. Kc2 {[%emt 0:00:10]} Rc7 {[%emt 0:00:03]} 63. Bg4 {[%emt 0:00:09]} Rh7 {[%emt 0:00:02]} 64. Rf5+ {[%emt 0:00:05]} Kg6 {[%emt 0:00:04]} 65. Rxf4 {[%emt 0:00:08]} 1-0